Investigaciones retóricas /

Guardado en:
Bibliografiske detaljer
Andre forfattere: Cohen, Jean (autor) (autor)
Format: Bog
Sprog:spansk
Serier:(Ciencias Sociales)
(Comunicaciones)
Fag:
Tags: Tilføj Tag
Ingen Tags, Vær først til at tagge denne postø!

MARC

LEADER 00000nam^a2200000^a^4500
001 000072903
005 20250521000000.0
009 20260526120538.954
037 |a Acervo ITESO - Biblioteca 
041 |a ESP 
082 |a 418.  |b COH 
245 1 0 |a Investigaciones retóricas /  |c Jean Cohen... [et al.] ; tr. por Beatriz Dorriots. 
264 |a Buenos Aires, Argentina :  |b Tiempo Contemporáneo, 
300 |a 196 p. 
336 |a texto  |b txt  |2 rdacontenido 
337 |a sin mediación  |b n  |2 rdamedio 
338 |a volumen  |b nc  |2 rdasoporte 
440 1 |a (Ciencias Sociales) 
440 1 |a (Comunicaciones) 
500 |a Traducción de: Rechercher Rhétoriques 
649 |a XX 
650 |a Lingüística 
650 |a Retórica 
650 |a Semiótica 
650 |a Retórica -  |z EUA 
650 |a Lingüística 
700 |a Cohen, Jean  |e (autor) 
910 |a Fondo Armando Suárez Gómez 
920 |a Impresos - Libros 
930 |a Fondos Especiales 
905 |a 111 
901 |a 0700004603  |b IT2  |c ESP  |u 20250521 
902 |a https://opac.biblio.iteso.mx/vufind/Record/000072903